[Event "Titled Tuesday intern op 19th Dec Early"]
[Site "Chess.com INT"]
[Date "2023.12.19"]
[Round "6"]
[White "Shevchenko, Kirill"]
[Black "Leiva Rodriguez, Jeammarco Giuseppe"]
[Result "1-0"]
[WhiteElo "2651"]
[BlackElo "2398"]
[PlyCount "59"]
[EventDate "2023.12.19"]
[EventType "swiss (blitz)"]
[EventRounds "11"]
[EventCountry "USA"]
[SourceTitle "CB52_2023"]
[SourceDate "2023.12.27"]
[SourceVersion "1"]
[SourceVersionDate "2023.12.27"]
[SourceQuality "1"]

1. d4 Nf6 2. c4 e6 3. Nc3 Bb4 4. e3 0-0 5. Bd3 d5 6. a3 Bxc3+ 7. bxc3 dxc4 8. Bxc4 c5 9. Bb2 Qc7 10. Bd3 e5 11. dxe5 Qxe5 12. Nf3 Qe7 13. c4 Nbd7 14. 0-0 b6 15. e4 Bb7 16. Re1 Rfd8 17. e5 Nh5 18. Re3 Nf4 19. Bf1 Nf8 20. Qe1 Rd7 21. e6 N8xe6 22. Ne5 Rd6 23. Rg3 Rad8 24. Ng4 Ng6 25. f4 Nd4 26. Nh6+ Kf8 27. Re3 Re6 28. Rxe6 Qxe6 29. Qxe6 Nxe6 30. Nxf7 1-0

[Event "Titled Tuesday intern op 19th Dec Early"]
[Site "Chess.com INT"]
[Date "2023.12.19"]
[Round "2"]
[White "Shevchenko, Kirill"]
[Black "Shubenkova, Veronika"]
[Result "1-0"]
[WhiteElo "2651"]
[BlackElo "2007"]
[PlyCount "51"]
[EventDate "2023.12.19"]
[EventType "swiss (blitz)"]
[EventRounds "11"]
[EventCountry "USA"]
[SourceTitle "CB52_2023"]
[SourceDate "2023.12.27"]
[SourceVersion "1"]
[SourceVersionDate "2023.12.27"]
[SourceQuality "1"]

1. d4 d5 2. c4 e6 3. Nc3 f5 4. Bf4 Nf6 5. e3 c6 6. Nf3 Bd6 7. Ne5 0-0 8. Bd3 Qe7 9. c5 Bc7 10. Rg1 Ne4 11. g4 b6 12. gxf5 exf5 13. Bh6 Bxe5 14. dxe5 Rf7 15. Bxe4 fxe4 16. Nxd5 Qxe5 17. Rg5 Qe8 18. Rxg7+ Rxg7 19. Nf6+ Kf7 20. Bxg7 Qe5 21. Nh5 Qxc5 22. Qd8 Be6 23. Qf6+ Ke8 24. Qxe6+ Qe7 25. Nf6+ Kd8 26. 0-0-0+ 1-0

[Event "POL Superleague Rapid Final"]
[Site "Bydgoszcz"]
[Date "2023.11.25"]
[Round "2.12"]
[White "Shevchenko, Kirill"]
[Black "Bartel, Mateusz"]
[Result "1/2-1/2"]
[WhiteElo "2665"]
[BlackElo "2651"]
[PlyCount "82"]
[EventDate "2023.11.25"]
[EventType "team-k.o. (rapid)"]
[EventRounds "2"]
[EventCountry "POL"]
[SourceTitle "CB48_2023"]
[SourceDate "2023.11.29"]
[SourceVersion "1"]
[SourceVersionDate "2023.11.29"]
[SourceQuality "1"]
[WhiteTeam "Katowice Wasko"]
[BlackTeam "Wroclaw Polonia"]
[WhiteTeamCountry "POL"]
[BlackTeamCountry "POL"]

1. e4 e5 2. Nf3 Nc6 3. Bb5 a6 4. Ba4 Nf6 5. Nc3 Bc5 6. d3 d6 7. Bxc6+ bxc6 8. Be3 Bxe3 9. fxe3 0-0 10. 0-0 Qe7 11. Qe1 Kh8 12. h3 Ng8 13. Nd2 Be6 14. Qg3 Nh6 15. Rf3 f6 16. d4 c5 17. Qf2 Nf7 18. Rd1 Rad8 19. Rg3 c6 20. Nb3 c4 21. Na5 Qc7 22. Nxc6 Qxc6 23. d5 Qe8 24. dxe6 Qxe6 25. Qd2 Rb8 26. b3 Rfc8 27. h4 Nh6 28. Nd5 f5 29. exf5 Nxf5 30. Rg4 cxb3 31. cxb3 Nd4 32. Rg5 h6 33. exd4 hxg5 34. dxe5 dxe5 35. hxg5 Rd8 36. g3 Rb5 37. Qh2+ Kg8 38. g6 Qxg6 39. Ne7+ Kf7 40. Rxd8 Qb6+ 41. Qf2+ Kxe7 1/2-1/2

[Event "EU-chT 24th"]
[Site "Budva"]
[Date "2023.11.19"]
[Round "8.6"]
[White "Shevchenko, Kirill"]
[Black "Martinovic, Sasa"]
[Result "1/2-1/2"]
[WhiteElo "2665"]
[BlackElo "2542"]
[PlyCount "79"]
[EventDate "2023.11.11"]
[EventType "team-swiss"]
[EventRounds "9"]
[EventCountry "MNE"]
[SourceTitle "CB47_2023"]
[SourceDate "2023.11.22"]
[SourceVersion "1"]
[SourceVersionDate "2023.11.22"]
[SourceQuality "1"]
[WhiteTeam "Romania"]
[BlackTeam "Croatia"]
[WhiteTeamCountry "ROU"]
[BlackTeamCountry "CRO"]

1. d4 Nf6 2. c4 e6 3. Nf3 d5 4. Nc3 Nbd7 5. Bf4 dxc4 6. e3 b5 7. Nxb5 Bb4+ 8. Nd2 Nd5 9. Bg3 N7b6 10. Rc1 0-0 11. a3 Ba5 12. Nc3 Bb7 13. Nxc4 Nxc4 14. Bxc4 Nxc3 15. bxc3 Bxg2 16. Rg1 Be4 17. Qh5 Qb8 18. Be5 Bg6 19. Qe2 Qb6 20. h4 f6 21. Bh2 Rab8 22. h5 Bxc3+ 23. Kf1 Bb2 24. Bxc7 Qc6 25. Bxb8 Bxc1 26. Bd6 Bxh5 27. Qxh5 Qxc4+ 28. Qe2 Rc8 29. Qxc4 Rxc4 30. Ke2 Bb2 31. Kd3 Rc3+ 32. Kd2 Rc6 33. Bc5 Ra6 34. Kc2 Bxa3 35. Ra1 Bxc5 36. Rxa6 Bb6 37. Ra1 g5 38. Kd3 Kf7 39. Ke4 h5 40. d5 1/2-1/2

[Event "EU-chT 24th"]
[Site "Budva"]
[Date "2023.11.17"]
[Round "6.3"]
[White "Bluebaum, Matthias"]
[Black "Shevchenko, Kirill"]
[Result "1/2-1/2"]
[WhiteElo "2670"]
[BlackElo "2665"]
[PlyCount "156"]
[EventDate "2023.11.11"]
[EventType "team-swiss"]
[EventRounds "9"]
[EventCountry "MNE"]
[SourceTitle "CB47_2023"]
[SourceDate "2023.11.22"]
[SourceVersion "1"]
[SourceVersionDate "2023.11.22"]
[SourceQuality "1"]
[WhiteTeam "Germany"]
[BlackTeam "Romania"]
[WhiteTeamCountry "GER"]
[BlackTeamCountry "ROU"]

1. d4 Nf6 2. c4 e6 3. Nc3 d5 4. cxd5 exd5 5. Bg5 Bb4 6. e3 h6 7. Bh4 g5 8. Bg3 h5 9. h3 Ne4 10. Nge2 Nc6 11. Bh2 g4 12. Bf4 gxh3 13. Rc1 Be6 14. a3 Nxc3 15. Nxc3 Bd6 16. Qf3 Bxf4 17. Qxf4 hxg2 18. Bxg2 h4 19. b4 h3 20. Bf3 Rg8 21. Kd2 Qg5 22. Ne2 0-0-0 23. b5 Qxf4 24. Nxf4 Na5 25. Kc3 Nc4 26. Bxd5 Bxd5 27. Nxd5 Rxd5 28. Kxc4 Rh5 29. Rh2 Rg2 30. Rxg2 hxg2 31. Rg1 Rg5 32. f4 Rg8 33. Kd3 Kd7 34. Ke2 c6 35. bxc6+ Kxc6 36. Kf2 a5 37. Rc1+ Kd5 38. Rc5+ Ke4 39. Re5+ Kd3 40. Kg1 f6 41. Re6 b5 42. Rb6 Kxe3 43. Rxb5 a4 44. f5 Rg4 45. d5 Kf3 46. Rc5 Rd4 47. Rc3+ Ke4 48. Kxg2 Rxd5 49. Rc6 Ke5 50. Ra6 Rd4 51. Ra5+ Kf4 52. Kf2 Re4 53. Kg2 Rc4 54. Kf2 Rd4 55. Ke2 Ke4 56. Kf2 Kf4 57. Ke2 Kg4 58. Ke3 Rc4 59. Ke2 Rf4 60. Ke1 Rd4 61. Ke2 Kf4 62. Kf2 Re4 63. Kg2 Kg5 64. Kf3 Rc4 65. Ke2 Rh4 66. Kf2 Rc4 67. Ke2 Kg4 68. Kd3 Rf4 69. Ke2 Kh4 70. Kd2 Kh5 71. Kd1 Kg5 72. Ke1 Kh4 73. Kd2 Kg3 74. Ke3 Rf3+ 75. Ke2 Rf2+ 76. Kd3 Rf4 77. Ke3 Kg4 78. Ke2 Kh4 1/2-1/2

[Event "FIDE Grand Swiss"]
[Site "Douglas"]
[Date "2023.11.04"]
[Round "10"]
[White "Yilmaz, Mustafa"]
[Black "Shevchenko, Kirill"]
[Result "1/2-1/2"]
[WhiteElo "2640"]
[BlackElo "2671"]
[PlyCount "60"]
[EventDate "2023.10.25"]
[EventType "swiss"]
[EventRounds "11"]
[EventCountry "IOM"]
[SourceTitle "Mega2024 Update 01"]
[Source "Chessbase"]
[SourceDate "2023.11.12"]
[SourceVersion "1"]
[SourceVersionDate "2023.11.12"]
[SourceQuality "1"]

1. d4 Nf6 2. c4 e6 3. Nf3 d5 4. Nc3 Nbd7 5. cxd5 exd5 6. Bg5 Bb4 7. Qc2 h6 8. Bh4 g5 9. Bg3 Ne4 10. Nd2 Nxg3 11. hxg3 c6 12. a3 Be7 13. e4 Nb6 14. 0-0-0 Be6 15. e5 Qd7 16. Bd3 0-0-0 17. f4 Bg4 18. Rde1 gxf4 19. gxf4 Kb8 20. Kb1 Nc4 21. Nf1 h5 22. Nh2 Rhg8 23. Rhf1 Qc8 24. Nxg4 Qxg4 25. Re2 Qg3 26. Rf3 Qh2 27. Ka2 Qg1 28. Ref2 Bh4 29. Ne2 Qxf2 30. Rxf2 Ne3 1/2-1/2

[Event "FIDE Grand Swiss"]
[Site "Douglas"]
[Date "2023.11.02"]
[Round "8"]
[White "Fawzy, Adham"]
[Black "Shevchenko, Kirill"]
[Result "0-1"]
[WhiteElo "2535"]
[BlackElo "2671"]
[PlyCount "210"]
[EventDate "2023.10.25"]
[EventType "swiss"]
[EventRounds "11"]
[EventCountry "IOM"]
[SourceTitle "Mega2024 Update 01"]
[Source "Chessbase"]
[SourceDate "2023.11.12"]
[SourceVersion "1"]
[SourceVersionDate "2023.11.12"]
[SourceQuality "1"]

1. e4 c5 2. Nf3 e6 3. d4 cxd4 4. Nxd4 Nc6 5. c4 Qb6 6. Nb3 Bb4+ 7. N1d2 Nf6 8. Bd3 Ne5 9. Be2 0-0 10. 0-0 d6 11. Nf3 Nxe4 12. Be3 Qc7 13. Nxe5 dxe5 14. c5 b6 15. Rc1 Bxc5 16. Nxc5 bxc5 17. Qa4 Bb7 18. f3 Nf6 19. Rxc5 Qb8 20. Rb5 a6 21. Rb3 Nd5 22. Qd7 Nxe3 23. Rc1 e4 24. Qxb7 Qxb7 25. Rxb7 exf3 26. Bxf3 Nf5 27. Rb6 Rab8 28. Rcc6 a5 29. b3 g6 30. Ra6 Rb5 31. Rc7 Nd4 32. Rca7 Nxf3+ 33. gxf3 Rg5+ 34. Kf2 Rc8 35. Ra8 Rxa8 36. Rxa8+ Kg7 37. Ke3 Re5+ 38. Kd3 Rh5 39. a4 Kf6 40. h4 Rf5 41. Ke3 Rh5 42. Kd3 h6 43. Ra7 Rf5 44. Ke3 g5 45. h5 Rd5 46. Ke4 Rf5 47. Ke3 Rf4 48. Rb7 Rh4 49. Rb5 g4 50. fxg4 Rxg4 51. Kd3 Rg3+ 52. Kc4 Rg5 53. Kd4 Rf5 54. Kc4 Re5 55. Kd4 Rg5 56. Kc4 Rf5 57. Rxf5+ Kxf5 58. b4 Ke5 59. b5 Kd6 60. Kd4 f5 61. Ke3 e5 62. Kf3 Kc5 63. Ke3 e4 64. Kf4 Kd5 65. Ke3 Ke5 66. Ke2 f4 67. Kd2 Kd6 68. Ke2 Kd5 69. Kd2 f3 70. Ke3 Ke5 71. Kf2 Kf4 72. b6 e3+ 73. Kf1 Kg3 74. b7 e2+ 75. Ke1 f2+ 76. Kxe2 Kg2 77. b8Q f1Q+ 78. Kd2 Qf2+ 79. Kc1 Qe1+ 80. Kc2 Qe2+ 81. Kc1 Qc4+ 82. Kb2 Qd4+ 83. Kb3 Qd1+ 84. Kb2 Qxh5 85. Qb7+ Kf1 86. Qb5+ Qe2+ 87. Ka3 h5 88. Qxa5 Qe3+ 89. Kb2 Qd4+ 90. Kb3 Qd3+ 91. Kb2 h4 92. Qa8 h3 93. a5 Qd4+ 94. Kb3 h2 95. Qh1+ Qg1 96. Qf3+ Qf2 97. Qh1+ Ke2 98. Ka4 Qf4+ 99. Kb5 Kf2 100. a6 Qg5+ 101. Kb4 Qg1 102. Qd5 Qe1+ 103. Ka4 h1Q 104. Qc5+ Qe3 105. Qc2+ Kf3 0-1

[Event "EU-Cup 38th"]
[Site "Durres"]
[Date "2023.10.07"]
[Round "7.6"]
[White "Shevchenko, Kirill"]
[Black "Bartel, Mateusz"]
[Result "0-1"]
[WhiteElo "2671"]
[BlackElo "2651"]
[PlyCount "106"]
[EventDate "2023.10.01"]
[EventType "team-swiss"]
[EventRounds "7"]
[EventCountry "ALB"]
[SourceTitle "EXT 2024"]
[Source "ChessBase"]
[SourceDate "2023.10.10"]
[SourceVersion "1"]
[SourceVersionDate "2023.10.10"]
[SourceQuality "1"]
[WhiteTeam "Superchess"]
[BlackTeam "Novy Bor"]
[WhiteTeamCountry "ROU"]
[BlackTeamCountry "CZE"]

1. e4 e5 2. Nf3 Nc6 3. Bc4 Nf6 4. Ng5 d5 5. exd5 Na5 6. Bb5+ c6 7. dxc6 bxc6 8. Bd3 Nd5 9. Nf3 Bd6 10. 0-0 Nf4 11. Nc3 Nxd3 12. cxd3 0-0 13. Re1 c5 14. b3 Nc6 15. Ne4 Bg4 16. h3 Bxf3 17. Qxf3 Nd4 18. Qd1 Be7 19. Bb2 f5 20. Ng3 f4 21. Bxd4 exd4 22. Ne4 f3 23. Qc2 fxg2 24. Kxg2 Kh8 25. Qc4 Rb8 26. Ng3 Bh4 27. Qe6 Rb6 28. Qe4 Rbf6 29. Re2 Rf4 30. Qe5 Qa8+ 31. Ne4 R4f5 32. Qd6 R8f6 33. Qd7 Rxf2+ 34. Rxf2 Rxf2+ 35. Kg1 Qb8 36. Qd6 Qxd6 37. Nxd6 Rxd2 38. Rf1 Kg8 39. Rf3 Rxa2 40. Rf5 Be7 41. Nc4 Ra1+ 42. Kf2 Rh1 43. Rf3 Bh4+ 44. Ke2 g6 45. Nd6 Rb1 46. Ne4 Rxb3 47. Nxc5 Rb5 48. Ne4 Rb2+ 49. Kd1 Be7 50. Kc1 Rh2 51. Nf2 h5 52. Ne4 Kg7 53. Kd1 a5 0-1

[Event "EU-Cup 38th"]
[Site "Durres"]
[Date "2023.10.04"]
[Round "4.6"]
[White "Shevchenko, Kirill"]
[Black "Fedorchuk, Sergey A"]
[Result "1-0"]
[WhiteElo "2671"]
[BlackElo "2564"]
[PlyCount "51"]
[EventDate "2023.10.01"]
[EventType "team-swiss"]
[EventRounds "7"]
[EventCountry "ALB"]
[SourceTitle "EXT 2024"]
[Source "ChessBase"]
[SourceDate "2023.10.10"]
[SourceVersion "1"]
[SourceVersionDate "2023.10.10"]
[SourceQuality "1"]
[WhiteTeam "Superchess"]
[BlackTeam "Viernheim"]
[WhiteTeamCountry "ROU"]
[BlackTeamCountry "GER"]

1. d4 Nf6 2. c4 e6 3. Nc3 Bb4 4. f3 c5 5. d5 0-0 6. e4 d6 7. Nge2 a6 8. Ng3 b5 9. Bf4 Re8 10. Be2 exd5 11. cxd5 c4 12. a4 Bb7 13. Nf5 Qb6 14. Be3 Bc5 15. Bxc5 dxc5 16. Qd2 Nbd7 17. 0-0 g6 18. a5 Qa7 19. Nd6 Re7 20. Rab1 Qb8 21. Nxb7 Qxb7 22. d6 Ree8 23. g4 Re6 24. f4 b4 25. e5 bxc3 26. bxc3 1-0